Name the College Football Team: Pac-12/Mountain West - Statistics

General Stats
  • This quiz has been taken 39 times
    23 since last reset
  • The average score is 13 of 14
Answer Stats
Picture Answer % Correct
Air Force
100%
Boise State
100%
San Diego State
100%
Utah State
100%
Washington State
100%
Colorado State
95%
Hawaii
95%
Oregon State
95%
Wyoming
95%
New Mexico
90%
San Jose State
90%
Fresno State
81%
Nevada
81%
UNLV
71%
No matching quizzes found
Score Distribution
Percent of People with Each Score
Percentile by Number Answered
Your Score History
You have not taken this quiz since the last reset